000 00478nam a2200145 i 4500
001 86740
003 ES-MaACL
007 t|
008 041215s1922 ddr ||||1| ger d
245 0 0 _aKleiner hand atlas un 108 karten seiten dritte, vermehorte un verbesserte /
_cauflage herausgegeben von Ernst Ambrosius.
260 _aBielefeld ;
_aLeipzig :
_bVelhagen und Klasing,
_c1922.
300 _a44 p. ;
_c30 cm.
700 1 _aAmbrosius, Ernst.
_921178
852 _aES-MaACL
_jB-1416
999 _c86740
_d86740